000 00186 a2200097 4500
020 _a9781935955290
041 _aspa
100 _aJoe Hayes
245 _aNo digas nada, mam
942 _cK
999 _c29368
_d29366